[Event "2.BLO 1617 SK Passau - Erfurter SK"]
[Site "?"]
[Date "2017.02.18"]
[Round "7.2"]
[White "Weiss, Christian"]
[Black "Votava, Jan"]
[Result "1-0"]
[WhiteElo "2358"]
[BlackElo "2525"]
[PlyCount "81"]
[EventDate "2017.??.??"]

1. Nf3 Nf6 2. c4 g6 3. Nc3 d5 4. cxd5 Nxd5 5. e4 Nxc3 6. dxc3 Qxd1+ 7. Kxd1 Bg4
8. Kc2 Bxf3 9. gxf3 e6 10. Be3 Nd7 11. Rd1 h5 12. b4 Bh6 13. Bxh6 Rxh6 14. h4
Rd8 15. Be2 Rh8 16. f4 Ke7 17. Rhg1 Nf6 18. Rxd8 Rxd8 19. f3 Ng8 20. Rg5 b6 21.
a4 Kf6 22. Bd3 Ne7 23. a5 Kg7 24. Rg1 bxa5 25. b5 c6 26. Ra1 cxb5 27. Bxb5 Rc8
28. Kd3 Rc7 29. c4 Nc8 30. Rxa5 f6 31. Kd4 Kf7 32. c5 Ne7 33. Ra6 e5+ 34. fxe5
fxe5+ 35. Kc4 Ng8 36. Bc6 Nf6 37. Bd5+ Kg7 38. Re6 Nd7 39. c6 Nb6+ 40. Kc5 Kf7
41. Rxe5+ 1-0

[Event "2.BLO 1617 SK Passau - Erfurter SK"]
[Site "?"]
[Date "2017.02.18"]
[Round "7.3"]
[White "Haba, Petr"]
[Black "Testor, Sebastian"]
[Result "1/2-1/2"]
[WhiteElo "2460"]
[BlackElo "2303"]
[PlyCount "49"]
[EventDate "2017.??.??"]

1. d4 e6 2. c4 Nf6 3. g3 d5 4. Bg2 dxc4 5. Nf3 c5 6. O-O Nc6 7. Qa4 Bd7 8. Qxc4
b5 9. Qc3 Rc8 10. Bg5 cxd4 11. Nxd4 b4 12. Qd3 Nxd4 13. Qxd4 Bc5 14. Qd3 Qb6
15. Bxf6 gxf6 16. Nd2 Qd6 17. Qxd6 Bxd6 18. Rac1 Ke7 19. Nc4 Be5 20. Bb7 Rc5
21. Nxe5 Rxc1 22. Rxc1 fxe5 23. Rc5 Rb8 24. Bf3 Rb5 25. Rc7 {(=)} 1/2-1/2

[Event "2.BLO 1617 SK Passau - Erfurter SK"]
[Site "?"]
[Date "2017.02.18"]
[Round "7.4"]
[White "Pflug, Matthias"]
[Black "Enders, Peter"]
[Result "1/2-1/2"]
[WhiteElo "2280"]
[BlackElo "2448"]
[PlyCount "81"]
[EventDate "2017.??.??"]

1. e4 e6 2. d4 d5 3. Nc3 Bb4 4. e5 c5 5. a3 Bxc3+ 6. bxc3 Nc6 7. Qg4 g6 8. Nf3
Qa5 9. Bd2 Qa4 10. Be2 c4 11. Ra2 Bd7 12. Qh4 h6 13. Bg5 Kf8 14. Kd2 Rh7 15.
Rb1 b6 16. Bf6 Nxf6 17. exf6 Kg8 18. Ne5 Nxe5 19. dxe5 Kh8 20. Qf4 Rg8 21. g4
Bc6 22. Rg1 Qa5 23. Qd4 g5 24. Raa1 Rc8 25. Rh1 Qc5 26. h4 Rg8 27. Rh2 gxh4 28.
Rxh4 Qf8 29. Rah1 Rg6 30. R1h3 Qxa3 31. g5 Ba4 32. Bh5 Rxg5 33. Bxf7 Qb2 34.
Rxh6 Bxc2 35. Rxh7+ Bxh7+ 36. Ke3 Qc1+ 37. Kf3 Rf5+ 38. Kg2 Rg5+ 39. Kf3 Rf5+
40. Kg2 Rg5+ 41. Kf3 1/2-1/2

[Event "2.BLO 1617 SK Passau - Erfurter SK"]
[Site "?"]
[Date "2017.02.18"]
[Round "7.5"]
[White "Mueller, Matthias"]
[Black "Hellmayr, Alois"]
[Result "1-0"]
[WhiteElo "2386"]
[BlackElo "2213"]
[PlyCount "101"]
[EventDate "2017.??.??"]

1. e4 c5 2. Nf3 e6 3. d4 cxd4 4. Nxd4 a6 5. c4 Nf6 6. Nc3 Qc7 7. a3 d6 8. Be3
Nbd7 9. Be2 b6 10. Rc1 Bb7 11. f3 Be7 12. O-O O-O 13. b4 Rac8 14. Qd2 Qb8 15.
Kh1 Bd8 16. Rc2 Bc7 17. Bg1 Rfe8 18. Na4 Ne5 19. Nb2 d5 20. exd5 exd5 21. c5 b5
22. a4 Nc4 23. Nxc4 dxc4 24. axb5 axb5 25. Nxb5 Bf4 26. Qc3 Ba6 27. Nd4 Nd5 28.
Qa3 Bb7 29. Bxc4 Ne3 30. Bxe3 Rxe3 31. Rc3 Rxc3 32. Qxc3 Bxh2 33. Nf5 Be5 34.
Qe3 Kh8 35. f4 Bc7 36. Qd4 Rg8 37. Nh6 Rf8 38. Nxf7+ Rxf7 39. Bxf7 Qc8 40. Kg1
Qf5 41. Bc4 h5 42. Qe3 Qg6 43. Rf2 Qb1+ 44. Kh2 Qg6 45. b5 h4 46. c6 Bc8 47.
Re2 Qg4 48. Qe8+ Kh7 49. Bd3+ Bf5 50. Bxf5+ Qxf5 51. Qe4 1-0

[Event "2.BLO 1617 SK Passau - Erfurter SK"]
[Site "?"]
[Date "2017.02.18"]
[Round "7.6"]
[White "Offinger, Robert"]
[Black "Machelett, Heiko"]
[Result "1/2-1/2"]
[WhiteElo "2184"]
[BlackElo "2400"]
[PlyCount "26"]
[EventDate "2017.??.??"]

1. d4 d6 2. Nf3 Nf6 3. g3 g6 4. Bg2 Bg7 5. O-O O-O 6. b3 a5 7. a4 c6 8. Nbd2 d5
9. c4 Na6 10. Bb2 Nb4 11. Rc1 Na2 12. Ra1 Nb4 13. Rc1 Na2 1/2-1/2

[Event "2.BLO 1617 SK Passau - Erfurter SK"]
[Site "?"]
[Date "2017.02.18"]
[Round "7.7"]
[White "Troyke, Christian"]
[Black "Mostbauer, Florian"]
[Result "1/2-1/2"]
[WhiteElo "2351"]
[BlackElo "2278"]
[PlyCount "29"]
[EventDate "2017.??.??"]

1. g3 d5 2. Nf3 Nf6 3. Bg2 Bf5 4. c4 c6 5. cxd5 cxd5 6. Qb3 Qb6 7. Nc3 Qxb3 8.
axb3 Nc6 9. d3 Bg4 10. Ra4 Bxf3 11. Bxf3 e6 12. O-O Be7 13. e4 dxe4 14. dxe4
Nd7 15. Be3 {(=)} 1/2-1/2

[Event "2.BLO 1617 SK Passau - Erfurter SK"]
[Site "?"]
[Date "2017.02.18"]
[Round "7.8"]
[White "Linhart, Wolfgang"]
[Black "Casper, Thomas"]
[Result "1/2-1/2"]
[WhiteElo "2129"]
[BlackElo "2374"]
[PlyCount "32"]
[EventDate "2017.??.??"]

1. d4 Nf6 2. Nf3 d6 3. Nbd2 g6 4. c3 Bg7 5. e4 O-O 6. Be2 b6 7. O-O Bb7 8. Qc2
Nbd7 9. Re1 e5 10. dxe5 Nxe5 11. Nxe5 dxe5 12. Bc4 Ne8 13. Nf3 Nd6 14. Bg5 Bf6
15. Bxf6 Qxf6 16. Bd5 c6 {(=)} 1/2-1/2

[Event "2.BLO 1617 SC Garching - SK König Plaue"]
[Site "?"]
[Date "2017.02.18"]
[Round "7.1"]
[White "Mastrovasilis, Dimitrios"]
[Black "Stocek, Jiri"]
[Result "1/2-1/2"]
[WhiteElo "2583"]
[BlackElo "2566"]
[PlyCount "55"]
[EventDate "2017.??.??"]

1. e4 c5 2. Nf3 Nc6 3. d4 cxd4 4. Nxd4 Nf6 5. Nc3 d6 6. Bg5 e6 7. Qd2 a6 8.
O-O-O Bd7 9. f3 b5 10. Nxc6 Bxc6 11. Kb1 Be7 12. Bxf6 Bxf6 13. Qxd6 Qxd6 14.
Rxd6 Rc8 15. Rd2 Ke7 16. Bd3 Bxc3 17. bxc3 Rc7 18. Kb2 Rhc8 19. Be2 Be8 20. c4
bxc4 21. Kc3 Rc5 22. a3 Ra5 23. Ra1 Ra4 24. Rdd1 Rb8 25. Rd4 Rc8 26. Rdd1 Rb8
27. Rd4 Rc8 28. Rdd1 1/2-1/2

[Event "2.BLO 1617 SC Garching - SK König Plaue"]
[Site "?"]
[Date "2017.02.18"]
[Round "7.2"]
[White "Bredl, Harald"]
[Black "Markowski, Tomasz"]
[Result "0-1"]
[WhiteElo "2338"]
[BlackElo "2575"]
[PlyCount "122"]
[EventDate "2017.??.??"]

1. d4 Nf6 2. c4 e6 3. Nc3 Bb4 4. Qc2 b6 5. a3 Bxc3+ 6. Qxc3 Bb7 7. Bg5 h6 8.
Bh4 g5 9. Bg3 Ne4 10. Qc2 d6 11. f3 Nxg3 12. hxg3 Nd7 13. O-O-O Qe7 14. e4
O-O-O 15. Bd3 h5 16. Ne2 h4 17. g4 c5 18. Qc3 Kb8 19. Kb1 Rc8 20. Rd2 Rhd8 21.
d5 Ne5 22. Ng1 exd5 23. exd5 Rc7 24. Nh3 Re8 25. Nf2 Qd8 26. Bc2 Ba6 27. Bd3
Bc8 28. Ka2 Rce7 29. Ne4 Nxd3 30. Rxd3 Re5 31. Qc1 Qe7 32. g3 hxg3 33. Nxg3 Qf6
34. Rc3 Qg6 35. Qb1 Qxb1+ 36. Kxb1 Re3 37. Rhc1 Kc7 38. Ka2 R8e5 39. Kb3 b5 40.
Rxe3 Rxe3+ 41. Rc3 bxc4+ 42. Kc2 Re5 43. Rxc4 Rxd5 44. b4 Kc6 45. bxc5 dxc5 46.
Ra4 Kb6 47. Nf1 Bd7 48. Re4 Bb5 49. Re1 Bxf1 50. Rxf1 Rd4 51. Re1 Rf4 52. Re3
f6 53. Kd2 Kb5 54. Rb3+ Kc4 55. Rc3+ Kd5 56. Ke3 Ra4 57. Rd3+ Ke5 58. Rc3 c4
59. Ke2 Kd6 60. Kd2 Ra5 61. Re3 Re5 0-1

[Event "2.BLO 1617 SC Garching - SK König Plaue"]
[Site "?"]
[Date "2017.02.18"]
[Round "7.3"]
[White "Plat, Vojtech"]
[Black "Seifert, Volker"]
[Result "1/2-1/2"]
[WhiteElo "2508"]
[BlackElo "2332"]
[PlyCount "57"]
[EventDate "2017.??.??"]

1. d4 e6 2. c4 Nf6 3. g3 d5 4. Bg2 Be7 5. Nf3 O-O 6. O-O c6 7. b3 Nbd7 8. Bb2
b6 9. Nbd2 Bb7 10. Qc2 Rc8 11. e4 Qc7 12. Rfd1 Qb8 13. Rac1 Rfd8 14. Ne1 c5 15.
exd5 exd5 16. Qf5 dxc4 17. Nxc4 Bxg2 18. Nxg2 cxd4 19. Bxd4 Qb7 20. Nf4 g6 21.
Qh3 b5 22. Na5 Qf3 23. Bxf6 Bxf6 24. Qg2 Ne5 25. Qxf3 Nxf3+ 26. Kg2 Rxc1 27.
Rxc1 Ne5 28. Rc2 Rd7 29. Nc6 {(=)} 1/2-1/2

[Event "2.BLO 1617 SC Garching - SK König Plaue"]
[Site "?"]
[Date "2017.02.18"]
[Round "7.4"]
[White "Koepke, Christian"]
[Black "Zawadzka, Jolanta"]
[Result "0-1"]
[WhiteElo "2317"]
[BlackElo "2443"]
[PlyCount "64"]
[EventDate "2017.??.??"]

1. e4 e5 2. Nf3 Nc6 3. d4 exd4 4. Nxd4 Nf6 5. Nxc6 bxc6 6. e5 Qe7 7. Qe2 Nd5 8.
c4 Nb6 9. Nc3 a5 10. f4 Qe6 11. Qe4 g6 12. Bd3 Bg7 13. c5 Nd5 14. Bc4 Bb7 15.
O-O O-O 16. Rd1 Nxc3 17. bxc3 Qe7 18. Be3 Rad8 19. Rd4 Rfe8 20. Rad1 d5 21.
cxd6 cxd6 22. Qb1 d5 23. Bf1 f6 24. Ra4 fxe5 25. fxe5 Bxe5 26. Bb6 Rb8 27. Bxa5
Bc8 28. Qc2 Bd6 29. c4 Qe5 30. g3 Rb2 31. Qc1 Bc5+ 32. Kh1 Qe4+ 0-1

[Event "2.BLO 1617 SC Garching - SK König Plaue"]
[Site "?"]
[Date "2017.02.18"]
[Round "7.5"]
[White "Kunze, Carlo"]
[Black "Levushkina, Elena"]
[Result "0-1"]
[WhiteElo "2250"]
[BlackElo "2306"]
[PlyCount "110"]
[EventDate "2017.??.??"]

1. d4 d5 2. c4 dxc4 3. Nf3 Nf6 4. e3 Bg4 5. Bxc4 e6 6. h3 Bh5 7. Nbd2 a6 8. a3
Bd6 9. e4 Be7 10. e5 Nd5 11. O-O Nc6 12. g4 Bg6 13. Re1 Nb6 14. Bf1 Nxd4 15.
Nxd4 Qxd4 16. Qe2 Rd8 17. Bg2 Nd5 18. Ne4 Qxe5 19. Qc4 c6 20. Bd2 Qc7 21. h4 h6
22. h5 Bxe4 23. Rxe4 Qb6 24. b4 Nf6 25. Be3 Qb5 26. Rd4 Qxc4 27. Rxc4 Nd5 28.
Bc5 Rd7 29. a4 O-O 30. Rb1 Rfd8 31. Bf3 Kf8 32. Bd4 Bf6 33. Bc5+ Ke8 34. b5
cxb5 35. axb5 Rc8 36. bxa6 bxa6 37. Rbc1 Rdc7 38. Be2 Kd7 39. Bd1 Be7 40. Ba4+
Kd8 41. Bxe7+ Kxe7 42. Rxc7+ Rxc7 43. Ra1 Rc5 44. Bd1 a5 45. Kg2 Kf6 46. Rb1
Nc3 47. Ra1 Nxd1 48. Rxd1 a4 49. Ra1 Ra5 50. Ra3 Ke5 51. Kf3 Kd4 52. Ke2 Kc4
53. Kd2 Kb4 54. Ra1 a3 55. Kc2 Rc5+ 0-1

[Event "2.BLO 1617 SC Garching - SK König Plaue"]
[Site "?"]
[Date "2017.02.18"]
[Round "7.6"]
[White "Schmitz, Thorsten"]
[Black "Kuraszkiewicz, Michael"]
[Result "1-0"]
[WhiteElo "2280"]
[BlackElo "2318"]
[PlyCount "81"]
[EventDate "2017.??.??"]

1. e4 e5 2. Nf3 Nc6 3. d4 exd4 4. Bc4 Nf6 5. e5 d5 6. Bb5 Ne4 7. Nxd4 Bc5 8.
Be3 O-O 9. Nxc6 bxc6 10. Bxc5 Nxc5 11. Bxc6 Rb8 12. O-O Rxb2 13. Bxd5 Qe7 14.
Na3 Ba6 15. Re1 Ne6 16. Nc4 Bxc4 17. Bxc4 Rd8 18. Qc1 Rb4 19. Bb3 Rbd4 20. Qe3
Nc5 21. Qf3 h6 22. g3 a5 23. a4 Rd2 24. Re3 Ne6 25. h4 c5 26. c3 Rb2 27. Bxe6
Qxe6 28. Rd1 Rf8 29. Qd5 Qg4 30. Rf3 Rb6 31. Re1 Re6 32. Rf4 Qh3 33. Qxc5 g5
34. Rd4 Rg6 35. Qe7 gxh4 36. Qxh4 Qc8 37. Re3 Qb7 38. Qe4 Qb3 39. Qd5 Qb1+ 40.
Kg2 Re8 41. Rf3 1-0

[Event "2.BLO 1617 SC Garching - SK König Plaue"]
[Site "?"]
[Date "2017.02.18"]
[Round "7.7"]
[White "Sandner, Gunter"]
[Black "Ruecker, Benjamin"]
[Result "1/2-1/2"]
[WhiteElo "2261"]
[BlackElo "2260"]
[PlyCount "24"]
[EventDate "2017.??.??"]

1. d4 g6 2. Nf3 Bg7 3. g3 c5 4. Bg2 cxd4 5. Nxd4 Nc6 6. Nb3 b6 7. O-O Nf6 8. e4
Ba6 9. Re1 O-O 10. Nc3 Rc8 11. Bf4 d6 12. a4 Nd7 {(=)} 1/2-1/2

[Event "2.BLO 1617 SC Garching - SK König Plaue"]
[Site "?"]
[Date "2017.02.18"]
[Round "7.8"]
[White "Schleich, Markus"]
[Black "Hoerr, Matthias"]
[Result "1-0"]
[WhiteElo "2205"]
[BlackElo "2203"]
[PlyCount "75"]
[EventDate "2017.??.??"]

1. e4 c5 2. Nf3 e6 3. d4 cxd4 4. Nxd4 Nc6 5. Nc3 Qc7 6. Be3 a6 7. Qf3 Nf6 8.
O-O-O Be7 9. Kb1 O-O 10. g4 b5 11. g5 Ne8 12. h4 Bb7 13. Qh5 Nxd4 14. Bxd4 b4
15. Nd5 exd5 16. exd5 Bc5 17. Bd3 g6 18. Qg4 f5 19. gxf6 Nxf6 20. Bxf6 Rxf6 21.
h5 Bxd5 22. hxg6 hxg6 23. Bxg6 Bf3 24. Bf7+ Kxf7 25. Rh7+ Ke8 26. Re1+ Kd8 27.
Rh8+ Bf8 28. Qxb4 d6 29. Qh4 Qf7 30. Rh7 Qg6 31. Qh3 Rf7 32. Qh4+ Rf6 33. Qd4
d5 34. Rb7 Rc8 35. Qd2 Bd6 36. Qa5+ Bc7 37. Qc5 Bb6 38. Qe7# 1-0

[Event "2.BLO 1617 Bad Mergentheim - Bindl Akti"]
[Site "?"]
[Date "2017.02.18"]
[Round "7.1"]
[White "Petr, Martin"]
[Black "Ikonnikov, Vyacheslav"]
[Result "1/2-1/2"]
[WhiteElo "2494"]
[BlackElo "2547"]
[PlyCount "115"]
[EventDate "2017.??.??"]

1. e4 c5 2. Nf3 Nc6 3. Nc3 Nf6 4. Bb5 Qc7 5. O-O Nd4 6. Re1 e5 7. Nxd4 cxd4 8.
Nd5 Nxd5 9. exd5 Bd6 10. c3 O-O 11. cxd4 exd4 12. Qh5 a6 13. Bd3 g6 14. Qh4 Be5
15. b3 d6 16. Bb2 Qd8 17. Qxd8 Rxd8 18. Rac1 Bd7 19. Rc7 b5 20. g3 a5 21. f4
Bf6 22. a3 Kf8 23. Kf2 Be8 24. Kf3 Rdb8 25. g4 Bd8 26. Rcc1 Bb6 27. f5 Bd7 28.
Kf4 Re8 29. f6 Bc5 30. h4 Rxe1 31. Rxe1 Re8 32. Be4 d3 33. Rc1 Bxg4 34. Bxd3
Bd7 35. h5 gxh5 36. Rh1 Bg4 37. Bxb5 Rb8 38. a4 h6 39. Bc3 Ra8 40. Kg3 Kg8 41.
Re1 Bf5 42. Re7 Bc2 43. Be8 Bg6 44. Bc6 Rb8 45. Re8+ Rxe8 46. Bxe8 Bc2 47. Bxa5
Bxb3 48. Bc6 Kh7 49. Bc7 Kg6 50. a5 Bc4 51. Bb6 Kxf6 52. Bxc5 dxc5 53. Bb7 Ke5
54. Kf2 h4 55. a6 Bxa6 56. Bxa6 Kxd5 57. Bf1 Kd4 58. Kf3 1/2-1/2

[Event "2.BLO 1617 Bad Mergentheim - Bindl Akti"]
[Site "?"]
[Date "2017.02.18"]
[Round "7.2"]
[White "Karpatchev, Aleksandr"]
[Black "Neuman, Petr"]
[Result "0-1"]
[WhiteElo "2513"]
[BlackElo "2431"]
[PlyCount "80"]
[EventDate "2017.??.??"]

1. e4 c5 2. c3 Nf6 3. e5 Nd5 4. Nf3 d6 5. Bc4 Nb6 6. e6 Nxc4 7. Qa4+ Nc6 8.
exf7+ Kxf7 9. Qxc4+ d5 10. Qf4+ Kg8 11. d4 e6 12. O-O Bd6 13. Qe3 Qe7 14. Re1
Bd7 15. dxc5 Bxc5 16. Qd3 Rf8 17. Nbd2 h6 18. b4 Bd6 19. b5 Na5 20. a4 Rc8 21.
Bb2 Qf6 22. Re2 Kf7 23. Rae1 Nc4 24. Nxc4 Rxc4 25. Nd2 Rxa4 26. c4 Qxb2 27.
cxd5 Bxb5 28. dxe6+ Ke7 29. Qf3 Be8 30. Nc4 Qb4 31. Ne3 Ra5 32. Nc2 Qb6 33. Qc3
Rg8 34. h4 Qc5 35. Qf3 Qd5 36. Qh3 Qf5 37. g4 Qf6 38. Ne3 Bc6 39. Nc4 Rd5 40.
Qe3 Qxh4 0-1

[Event "2.BLO 1617 Bad Mergentheim - Bindl Akti"]
[Site "?"]
[Date "2017.02.18"]
[Round "7.3"]
[White "Cech, Pavel"]
[Black "Gasthofer, Alexander"]
[Result "1/2-1/2"]
[WhiteElo "2358"]
[BlackElo "2422"]
[PlyCount "30"]
[EventDate "2017.??.??"]

1. d4 d5 2. c4 c6 3. Nf3 Nf6 4. Nc3 e6 5. cxd5 exd5 6. Bg5 h6 7. Bh4 Bf5 8. Qb3
Qb6 9. Bxf6 gxf6 10. g3 Na6 11. Bg2 Nb4 12. Rc1 Nc2+ 13. Kd1 Qxb3 14. axb3 Nb4
15. Nh4 Be6 1/2-1/2

[Event "2.BLO 1617 Bad Mergentheim - Bindl Akti"]
[Site "?"]
[Date "2017.02.18"]
[Round "7.4"]
[White "Ivanov, Mikail"]
[Black "Wall, Gavin"]
[Result "1-0"]
[WhiteElo "2414"]
[BlackElo "2343"]
[PlyCount "83"]
[EventDate "2017.??.??"]

1. d4 f5 2. Nc3 Nf6 3. Bg5 d5 4. e3 e6 5. Bd3 c5 6. Nf3 Nc6 7. O-O Be7 8. Bb5
O-O 9. Na4 c4 10. Bxc6 bxc6 11. Ne5 Qc7 12. b3 cxb3 13. axb3 a5 14. Bf4 Bd6 15.
Nd3 Ba6 16. Nac5 Bxd3 17. Qxd3 Qe7 18. Bxd6 Qxd6 19. Ra4 g5 20. f3 g4 21. f4
Ne4 22. Nxe4 fxe4 23. Qc3 Rfc8 24. Rfa1 c5 25. Rxa5 Rxa5 26. Rxa5 c4 27. b4 Rb8
28. b5 Qb6 29. Qb4 Kf7 30. c3 h5 31. Qa3 Kf6 32. Ra7 Re8 33. Qc5 Qxc5 34. dxc5
e5 35. fxe5+ Kxe5 36. b6 d4 37. exd4+ Kd5 38. b7 Rb8 39. Kf2 h4 40. Ke3 h3 41.
g3 Re8 42. b8=N 1-0

[Event "2.BLO 1617 Bad Mergentheim - Bindl Akti"]
[Site "?"]
[Date "2017.02.18"]
[Round "7.5"]
[White "Krensing, Jan"]
[Black "Rakotomaharo, Fy Antenaina"]
[Result "1-0"]
[WhiteElo "2327"]
[BlackElo "2420"]
[PlyCount "67"]
[EventDate "2017.??.??"]

1. d4 Nf6 2. c4 g6 3. Nf3 Bg7 4. g3 c6 5. Nc3 d5 6. cxd5 Nxd5 7. Bg2 O-O 8. O-O
Nd7 9. Nxd5 cxd5 10. Qb3 Nb6 11. Ne5 Be6 12. Bd2 Nc4 13. Bf4 Na5 14. Qa4 f6 15.
Nd3 Bg4 16. Rfc1 Nc4 17. Bc7 Qxc7 18. Bxd5+ Kh8 19. Rxc4 Qd6 20. Bxb7 Bxe2 21.
Bxa8 Rxa8 22. Rc6 Qd7 23. Nf4 Bf3 24. Rc4 Qd8 25. Rc3 Bg4 26. Re1 Bh6 27. d5
Bf5 28. Rce3 Bf8 29. Ne6 Bxe6 30. dxe6 Bh6 31. Rd1 Qb6 32. Re2 Rb8 33. Qc4 Qa5
34. Rd5 1-0

[Event "2.BLO 1617 Bad Mergentheim - Bindl Akti"]
[Site "?"]
[Date "2017.02.18"]
[Round "7.6"]
[White "Panzalovic, Srdjan"]
[Black "Stips, Felix"]
[Result "1/2-1/2"]
[WhiteElo "2435"]
[BlackElo "2307"]
[PlyCount "54"]
[EventDate "2017.??.??"]

1. Nf3 d5 2. c4 c6 3. e3 Nf6 4. Nc3 a6 5. Qc2 b5 6. cxd5 cxd5 7. d4 e6 8. Bd2
Bd6 9. Bd3 Bb7 10. a4 b4 11. Ne2 a5 12. Ne5 O-O 13. Ng3 Nbd7 14. f4 Rc8 15. Qb1
Rc7 16. O-O Qa8 17. Rc1 Rfc8 18. Rxc7 Rxc7 19. Qf1 Ne8 20. Qe2 g6 21. h4 Bf8
22. h5 Ndf6 23. hxg6 hxg6 24. Rc1 Rxc1+ 25. Bxc1 Qc8 26. Qc2 Qxc2 27. Bxc2 Nd6
1/2-1/2

[Event "2.BLO 1617 Bad Mergentheim - Bindl Akti"]
[Site "?"]
[Date "2017.02.18"]
[Round "7.7"]
[White "Loew, Gerald"]
[Black "Raps, Johannes"]
[Result "1/2-1/2"]
[WhiteElo "2215"]
[BlackElo "2173"]
[PlyCount "55"]
[EventDate "2017.??.??"]

1. c4 e5 2. Nc3 Nf6 3. Nf3 d6 4. d4 Nbd7 5. g3 Be7 6. Bg2 O-O 7. O-O c6 8. e4
Qc7 9. h3 Re8 10. Be3 Nf8 11. Qd2 Be6 12. d5 Bd7 13. Rfd1 c5 14. Nxe5 dxe5 15.
d6 Bxd6 16. Qxd6 Qxd6 17. Rxd6 Rac8 18. Bg5 Rc6 19. Rad1 Rxd6 20. Rxd6 Re6 21.
Rd2 Ne8 22. Be3 b6 23. f4 f6 24. Nd5 h6 25. f5 Rd6 26. Bf3 Kh8 27. Bh5 Bc6 28.
Bf7 1/2-1/2

[Event "2.BLO 1617 Bad Mergentheim - Bindl Akti"]
[Site "?"]
[Date "2017.02.18"]
[Round "7.8"]
[White "Gross, Willi"]
[Black "Delitzsch, Juergen"]
[Result "1/2-1/2"]
[WhiteElo "2100"]
[BlackElo "2213"]
[PlyCount "76"]
[EventDate "2017.??.??"]

1. e4 c5 2. Nc3 g6 3. d4 cxd4 4. Qxd4 Nf6 5. Nf3 Nc6 6. Qa4 d6 7. e5 dxe5 8.
Nxe5 Bd7 9. Nxd7 Qxd7 10. Be3 Bg7 11. Rd1 Qc8 12. Be2 O-O 13. O-O a6 14. Qf4 e5
15. Qh4 Qf5 16. Bd3 Qg4 17. Qxg4 Nxg4 18. Bc5 Rfd8 19. Ne4 Nf6 20. Bb6 Rd7 21.
Nxf6+ Bxf6 22. Be4 Rxd1 23. Rxd1 Re8 24. Bxc6 Re6 25. Bxb7 Rxb6 26. Bd5 Kf8 27.
Kf1 Be7 28. Bb3 e4 29. c3 f5 30. Rd5 h5 31. Re5 Bg5 32. Re6 Rxe6 33. Bxe6 Bc1
34. b3 Bd2 35. c4 Bb4 36. Bc8 a5 37. Ke2 Ke7 38. f3 Kd6 1/2-1/2

[Event "2.BLO 1617 BCA Augsburg - Nickelhütte A"]
[Site "?"]
[Date "2017.02.18"]
[Round "7.1"]
[White "Papp, Gabor"]
[Black "Rozentalis, Eduardas"]
[Result "1-0"]
[WhiteElo "2582"]
[BlackElo "2576"]
[PlyCount "59"]
[EventDate "2017.??.??"]

1. c4 e6 2. g3 Nf6 3. Bg2 d5 4. d4 dxc4 5. Nf3 Bd7 6. Ne5 Bc6 7. Nxc6 Nxc6 8.
O-O Qd7 9. e3 h5 10. Nd2 h4 11. Nxc4 O-O-O 12. b4 Bxb4 13. Rb1 Nd5 14. Bd2 Bxd2
15. Qxd2 hxg3 16. hxg3 Nb6 17. Rfc1 Rh5 18. Bf3 Rd5 19. Nxb6+ axb6 20. Bxd5
Qxd5 21. Qe2 Qe4 22. Qh5 e5 23. d5 Qxd5 24. Rd1 Qxa2 25. Ra1 Rxd1+ 26. Qxd1 Qc4
27. Ra4 Qe6 28. Ra8+ Nb8 29. Qh5 Qe8 30. Qh3+ 1-0

[Event "2.BLO 1617 BCA Augsburg - Nickelhütte A"]
[Site "?"]
[Date "2017.02.18"]
[Round "7.2"]
[White "Kulaots, Kaido"]
[Black "Prohaszka, Peter"]
[Result "1-0"]
[WhiteElo "2590"]
[BlackElo "2590"]
[PlyCount "65"]
[EventDate "2017.??.??"]

1. e4 c6 2. d4 d5 3. e5 c5 4. c4 cxd4 5. Nf3 Bg4 6. cxd5 Qxd5 7. Nc3 Qa5 8.
Bb5+ Nc6 9. Bxc6+ bxc6 10. Qxd4 Bxf3 11. gxf3 e6 12. Be3 Ne7 13. O-O-O Qc7 14.
Ne4 Nf5 15. Qc3 Be7 16. Bc5 Bxc5 17. Nxc5 Qe7 18. h4 Rd8 19. Rxd8+ Qxd8 20. Rd1
Qc8 21. h5 O-O 22. Qa5 h6 23. a4 Qa8 24. f4 Ne7 25. Rd7 Qb8 26. Rb7 Qc8 27.
Rxa7 Nd5 28. Kb1 Rd8 29. Nb7 Qb8 30. Ra8 Qxa8 31. Qxa8 Rxa8 32. a5 g6 33. hxg6
1-0

[Event "2.BLO 1617 BCA Augsburg - Nickelhütte A"]
[Site "?"]
[Date "2017.02.18"]
[Round "7.3"]
[White "Meijers, Viesturs"]
[Black "Arnaudov, G. Petar"]
[Result "1-0"]
[WhiteElo "2483"]
[BlackElo "2440"]
[PlyCount "100"]
[EventDate "2017.??.??"]

1. c4 Nf6 2. g3 e6 3. Bg2 d5 4. cxd5 exd5 5. b3 Be7 6. Bb2 O-O 7. Nf3 c6 8. O-O
Bg4 9. h3 Bxf3 10. Bxf3 Nbd7 11. d3 Bd6 12. e4 dxe4 13. dxe4 Be5 14. Qe2 Bxb2
15. Qxb2 Re8 16. Nc3 Nc5 17. Qe2 Qe7 18. Rfe1 Rad8 19. Bg2 Qe5 20. Rad1 Rxd1
21. Rxd1 g6 22. Qe1 Ne6 23. Qe3 Qc5 24. e5 Qxe3 25. fxe3 Nh5 26. g4 Nhg7 27.
Ne4 Re7 28. Nf6+ Kh8 29. b4 Nc7 30. Rd8+ Nge8 31. Rb8 Rxe5 32. Nxe8 Nxe8 33.
Rxb7 Nd6 34. Rxa7 Rxe3 35. Ra6 Re1+ 36. Kh2 Nc4 37. Bxc6 Rb1 38. b5 Ne5 39. a4
Rb2+ 40. Kg1 Kg7 41. Kf1 Nd3 42. a5 Ne5 43. Be8 Nc4 44. Ra8 Kf6 45. a6 Ra2 46.
Bc6 Ke6 47. Rd8 Ne3+ 48. Ke1 Nc2+ 49. Kd1 Nb4 50. Be8 Nd5 1-0

[Event "2.BLO 1617 BCA Augsburg - Nickelhütte A"]
[Site "?"]
[Date "2017.02.18"]
[Round "7.4"]
[White "Nestorovic, Nikola"]
[Black "Slobodjan, Roman"]
[Result "1/2-1/2"]
[WhiteElo "2495"]
[BlackElo "2458"]
[PlyCount "78"]
[EventDate "2017.??.??"]

1. e4 e5 2. Nf3 Nc6 3. Bb5 a6 4. Ba4 Nf6 5. d3 d6 6. c3 g6 7. O-O Bg7 8. h3 O-O
9. Be3 h6 10. Nbd2 Nd7 11. Nh2 Ne7 12. d4 exd4 13. Bxd4 f5 14. f4 Nf6 15. Bb3+
Kh7 16. g4 fxe4 17. Bxf6 Bxf6 18. Nxe4 Bg7 19. Qe2 d5 20. Rad1 c6 21. Kg2 Qc7
22. Ng3 Rf7 23. Bc2 Bd7 24. f5 gxf5 25. gxf5 Bf6 26. Qh5 Be8 27. Ng4 Ng8 28.
Nxh6 Qxg3+ 29. Kxg3 Rg7+ 30. Qg4 Nxh6 31. Qxg7+ Kxg7 32. Kf4 Bd7 33. Rg1+ Kf7
34. c4 Re8 35. cxd5 Be5+ 36. Kg5 Bf6+ 37. Kf4 Be5+ 38. Kg5 Bf6+ 39. Kf4 Be5+
1/2-1/2

[Event "2.BLO 1617 BCA Augsburg - Nickelhütte A"]
[Site "?"]
[Date "2017.02.18"]
[Round "7.5"]
[White "Spiess, Gunter"]
[Black "Pitl, Gregory"]
[Result "1-0"]
[WhiteElo "2430"]
[BlackElo "2399"]
[PlyCount "94"]
[EventDate "2017.??.??"]

1. Nf3 d5 2. d4 Nf6 3. c4 dxc4 4. e3 Bg4 5. Nbd2 e6 6. Nxc4 Be7 7. Nce5 Bh5 8.
Be2 Nbd7 9. O-O O-O 10. b3 Nxe5 11. Nxe5 Bxe2 12. Qxe2 a5 13. a4 c6 14. Bb2 Bb4
15. e4 Qe7 16. Nd3 Rfd8 17. Rfc1 Nd7 18. Nxb4 Qxb4 19. Qe3 Qe7 20. Rd1 Nf6 21.
Rd3 h6 22. Rad1 Rd7 23. f3 Qd8 24. Kf2 Qe7 25. Bc3 Qd8 26. g4 Nh7 27. Kg2 b6
28. Be1 Qe7 29. Rc1 Rc8 30. Rdc3 Qd6 31. Bg3 Qxd4 32. Qxd4 Rxd4 33. Rxc6 Rcd8
34. Rc8 Nf6 35. Bf2 Rd2 36. e5 Ne8 37. Rxd8 Rxd8 38. Bxb6 Rd2+ 39. Kg3 f6 40.
Bxa5 Rb2 41. Rc8 Kf7 42. Rb8 fxe5 43. Bc3 Re2 44. a5 Nf6 45. a6 Nd5 46. a7 Nf4
47. Bxe5 Rxe5 1-0

[Event "2.BLO 1617 BCA Augsburg - Nickelhütte A"]
[Site "?"]
[Date "2017.02.18"]
[Round "7.6"]
[White "Stankovic, Milos"]
[Black "Wichmann, Cliff"]
[Result "1-0"]
[WhiteElo "2386"]
[BlackElo "2293"]
[PlyCount "99"]
[EventDate "2017.??.??"]

1. e4 e6 2. d4 d5 3. Nc3 Nf6 4. e5 Nfd7 5. Qg4 c5 6. Nb5 cxd4 7. Nf3 Nc6 8. Bf4
a6 9. Nbxd4 Nc5 10. Be3 g6 11. h4 h5 12. Qf4 Qe7 13. O-O-O Ne4 14. g4 hxg4 15.
Qxg4 Bh6 16. Bxh6 Rxh6 17. Rh2 Bd7 18. Qf4 Nxd4 19. Nxd4 g5 20. hxg5 Rxh2 21.
Qxh2 Qxg5+ 22. f4 Qg3 23. Qh8+ Ke7 24. Qxa8 Qxf4+ 25. Kb1 Nd2+ 26. Ka1 Qxd4 27.
Be2 Qe3 28. Qb8 Ne4 29. Bd3 Nf2 30. Rf1 Ng4 31. Qxb7 Nxe5 32. Bxa6 Qc5 33. Qb3
Nc6 34. Qf3 f5 35. Bd3 e5 36. c3 e4 37. Qe2 Ne5 38. Ba6 Qb6 39. Rd1 Qc6 40. Qh2
Ng6 41. Be2 Qe6 42. Qh7+ Kd6 43. c4 f4 44. cxd5 Qf6 45. Bh5 e3 46. Bxg6 e2 47.
Qg8 Ke7 48. d6+ Qxd6 49. Qf7+ Kd8 50. Rxd6 1-0